000 00417nam a2200169Ia 4500
001 25196
005 20260414151133.0
008 260414t1993||||xx |||||||||||||| ||spa||
041 _aESP
082 _a346.4
_bA39 1993 T. 2
100 _aAlessandri Rodríguez Arturo
_eAUT
245 0 _aTratado de los derechos reales :
_bbienes
260 _c1993
650 _aDER
654 _aCDE
942 _cLIB
_dJUS
_fJUS
_2ddc
_n
999 _c25196
_d25196